Statistics for 1996 Russian Presidential Election Candidates

Click here to take the quiz!

General Stats

  • This quiz has been taken 7 times
  • The average score is 4 of 10

Answer Stats

PartyCandidate% Correct
IndependentBoris Yeltsin
83%
CommunistGennady Zyuganov
67%
YablokoGrigory Yavlinsky
67%
Liberal DemocraticVladimir Zhirinovsky
67%
IndependentMikhail Gorbachev
33%
Congress of Russian CommunitiesAlexander Lebed
17%
IndependentMartin Shakkum
17%
Russian SocialistVladimir Bryntsalov
17%
Workers’ Self-GovernmentSvyatoslov Fyodorov
0%
IndependentYuri Vlasov
0%

Score Distribution

Percentile by Number Answered

Percent of People with Each Score

Your Score History

You have not taken this quiz